Statistics for Tallest Buildings in the world

Click here to take the quiz!

General Stats

  • This quiz has been taken 4 times
  • The average score is 3 of 20

Answer Stats

CountryHeight(In Meters)Building% Correct
United Arab Emirates828Burj Khalifa
100%
United States541.3One World Trade Center
75%
China632Shanghai Tower
50%
Taiwan, China508Taipei 101
50%
Saudi Arabia601Abraj Al Bait Clock Tower
0%
United States472Central Park Tower
0%
China452.1Changsha IFS Tower T1
0%
China528China Zun
0%
China530Guangzhou CTF Finance Center
0%
Hong Kong, China484International Commerce Center
0%
Russia462Lakhta Center
0%
Vietnam461.2Landmark 81
0%
South Korea554.5Lotte World Tower
0%
Malaysia451.9Petronas Twin Tower 1
0%
Malaysia451.9Petronas Twin Tower 2
0%
China599Ping An Finance Center
0%
China492Shanghai World Financial Center
0%
China450Suzhou IFS
0%
China530Tianjin CTF Finance Center
0%
China450Zifeng Tower
0%

Score Distribution

Percentile by Number Answered

Percent of People with Each Score

Your Score History

You have not taken this quiz